000 01462nam2a22002771 4500
001 rc\3282953
005 20250609173328.0
021 _aRU
_b74-16840
021 _aRU
_b74-16839
021 _aRU
_bРг3291-74
021 _aRU
_b74-16837
035 _a(NLR Aleph) 007399122
090 _a6693271
_c6693271
100 _a20130115d1974 |||y0rusy50 ca
101 0 _arus
102 _aRU
105 _ay z |||||
200 1 _a...секции физического воспитания и спорта
210 _d1974
_aБ. м.
215 _a23 с.
461 0 _1001rc\3282941
_12001#$aТезисы докладов...$fМ-во высш. и сред. спец. образ. РСФСР. Уральск. политехн. ин-т им. С.М. Кирова. Четвертая учеб.-метод. конф. ... (12-14 февр. 1974 г.)$v[15]
_96693159
_aУральский политехнический институт им. С. М. Кирова (Свердловск). Учебно-методическая конференция (4 ; 1974)
_cСвердловск
_d1974
_fМ-во высш. и сред. спец. образ. РСФСР. Уральск. политехн. ин-т им. С.М. Кирова. Четвертая учеб.-метод. конф. ... (12-14 февр. 1974 г.)
_nБ. и.
_tТезисы докладов...
_v[15]
801 0 _aRU
_bNLR
_gpsbo
801 1 _aRU
_bELAR
_2rusmarc
852 _aNLR
_j73-4/46556
942 _cBOOK
980 _aNB